000 00800nam a22002057a 4500
999 _c18614
_d18614
003 AR-CdUCM
008 190514b ||||| |||| 00| 0 spa d
040 _aMUNICIPALIDAD PROVINCIAL DEL CUSCO
_cBIBLIOTECA MUNICIPAL DEL CUSCO
082 _a629.8 /
_bR74
100 _aRodriguez, Hernán
_939310
245 _aLa automatización en perspectiva /
260 _aBuenos Aires :
_bSiglo Veinte,
_c1959.
300 _a78 paginas ;
_c20 cm.
505 _aContenido: La automatización en perspectiva -- Trabajo manual, macanización y automatización -- Automatización y trabajo intelectual -- El mito de la automación -- La posibilidad de automatizar...
650 _aAutomatización
_935468
650 _aAuto
_937570
650 _aMotor
_920615
942 _2ddc
_cLIBROS
945 _apjha
_d2019-05-14